| 000 | 00924cam a2200229 4500 | ||
|---|---|---|---|
| 001 | WS119168 | ||
| 008 | 020802n 000 0 eng u | ||
| 035 | _a(Sirsi) u119168 | ||
| 245 | _aEuropean Radiocommunications Office | ||
| 520 | _aWeb site for this office supporting the Electronics Communications Committee of the CEPT. Includes details of the ERO Frequency Information System (EFS), national frequency tables and details of satellite licences. | ||
| 650 | _aEUROPEAN TELECOMMUNICATIONS OFFICE | ||
| 650 | _aEUROPE | ||
| 650 | _aSATELLITE COMMUNICATIONS | ||
| 650 | _aFREQUENCIES | ||
| 650 | _aNUMBERING | ||
| 650 | _aEUROPEAN COMMITTEE FOR TELECOMMUNICATION REGULATORY AFFAIRS | ||
| 650 | _aEUROPEAN RADIOCOMMUNICATION COMMITTEE | ||
| 650 | _aTELECOMMUNICATIONS | ||
| 690 | _aTRANSPORT AND COMMUNICATIONS | ||
| 856 | 4 | 0 |
_uhttps://www.ero.dk _zView the website free of charge at www.ero.dk... |
| 942 | _n0 | ||
| 999 |
_c120130 _d120130 |
||